Statistics for American Cities by Population

Click here to take the quiz!

General Stats

  • This quiz has been taken 41 times
  • The average score is 14 of 16

Answer Stats

PopulationState Located inCity% Correct
2,704,598IllinoisChicago
100%
3,976,322CaliforniaLos Angeles
100%
1,406,630CaliforniaSan Diego
100%
1,317,929TexasDallas
97%
1,567,872PennsylvaniaPhiladelphia
97%
2,303,482TexasHouston
95%
855,164IndianaIndianapolis
95%
8,537,673New YorkNew York City
95%
1,615,017ArizonaPhoenix
95%
1,492,510TexasSan Antonio
95%
870,887CaliforniaSan Francisco
95%
947,890TexasAustin
89%
880,690FloridaJacksonville
82%
1,025,350CaliforniaSan Jose
74%
860,090OhioColumbus
71%
854,113TexasFort Worth
61%

Score Distribution

Percentile by Number Answered

Percent of People with Each Score

Your Score History

You have not taken this quiz